书目信息 |
| 题名: |
投资者保护、绩效与风险控制
|
|
| 作者: | 李艳虹 著 | |
| 分册: | ||
| 出版信息: | 北京 北京金融出版社 2009 |
|
| 页数: | 214页 | |
| 开本: | 20cm | |
| 丛书名: | ||
| 单 册: | ||
| 中图分类: | F832.33 | |
| 科图分类: | ||
| 主题词: | 商业银行--经济管理--研究--中国 , 商业银行 , 经济管理 | |
| 电子资源: | ||
| ISBN: | 978-7-5049-5025-3 | |
| 000 | 01009nam0 2200253 45 | |
| 005 | 20100303111439.78 | |
| 010 | @a978-7-5049-5025-3@dCNY30.00 | |
| 100 | @a20100120d2009 em y0chiy50 ea | |
| 101 | 0 | @achi@aeng |
| 102 | @aCN@b110000 | |
| 105 | @ay z 000yy | |
| 106 | @ar | |
| 200 | 1 | @a投资者保护、绩效与风险控制@ATou Zi Zhe Bao Hu、 Ji Xiao Yu Feng Xian Kong Zhi@e国有商业银行公司治理研究@EGuo You Shang Ye Yin Xing Gong Si Zhi Li Yan Jiu@f李艳虹著@FLi Yan Hong Zhu |
| 210 | @a北京@c北京金融出版社@d2009 | |
| 215 | @a214页@d20cm | |
| 300 | @a暨南金融文库 | |
| 330 | @a本书内容:导论,公司治理的相关理论,商业银行公司治理理论与治理模式比较,我国国有商业银行公司治理与投资者保护,我国国有商业银行公司治理与绩效,我国国有商业银行公司治理与风险控制,结论与政策建议六章 | |
| 606 | 0 | @a商业银行@x经济管理@x研究@y中国 |
| 606 | 0 | @a商业银行 |
| 606 | 0 | @a经济管理 |
| 690 | @aF832.33@v4 | |
| 701 | 0 | @a李艳虹@ALi Yan Hong@4著 |
| 801 | 0 | @aCN@bTANGWEI@c20100303 |
| 905 | @b0583698-702@dF832.33@e57@f5 | |
| 投资者保护、绩效与风险控制:国有商业银行公司治理研究/李艳虹著.-北京:北京金融出版社,2009 |
| 214页;20cm |
| 暨南金融文库 |
| ISBN 978-7-5049-5025-3:CNY30.00 |
| 本书内容:导论,公司治理的相关理论,商业银行公司治理理论与治理模式比较,我国国有商业银行公司治理与投资者保护,我国国有商业银行公司治理与绩效,我国国有商业银行公司治理与风险控制,结论与政策建议六章 |
| ● |
| 相关链接 |
|
|
|
|
正题名:投资者保护、绩效与风险控制
索取号:F832.33/57
 
预约/预借
| 序号 | 登录号 | 条形码 | 馆藏地/架位号 | 状态 | 备注 |
| 1 | 0583698 | 205836988 | 第一样本阅览室/ [索取号:F832.33/57] | 在馆 | |
| 2 | 0583699 | 205836997 | 第一借阅区/ [索取号:F832.33/57] | 在馆 | |
| 3 | 0583700 | 205837004 | 第一借阅区/ [索取号:F832.33/57] | 在馆 | |
| 4 | 0583701 | 205837013 | 第一借阅区/ [索取号:F832.33/57] | 在馆 | |
| 5 | 0583702 | 205837022 | 密集书库-海洋学院/ [索取号:F832.33/57] | 在馆 |